Music Quiz

Random Music or Singers Quiz

Musicians Upside Down Quiz Stats

 Plays Quiz Updated Aug 20, 2017

Challenge
Share
Tweet
Score 0/20 Timer 05:00
2 Plays Today
% Correct
Michael Jackson
93.4%
Elvis Presley
92.4%
Adele
91.6%
Elton John
91%
Ariana Grande
89.9%
Whitney Houston
80.3%
Mick Jagger
79.6%
Cher
79.1%
Frank Sinatra
78.8%
Steven Tyler
74.8%
% Correct
David Bowie
74.1%
Pharrell Williams
73.8%
Ringo Starr
60.5%
Bette Midler
57.8%
Janis Joplin
53.1%
Stevie Nicks
45.6%
Karen Carpenter
37.3%
Debbie Harry
33%
Melissa Etheridge
29.7%
Carole King
29.1%

You're not logged in!

Compare scores with friends on all Sporcle quizzes.
Join for Free
OR
Log In

You Might Also Like...

Show Comments

Extras

Top Quizzes Today


Score Distribution

Your Account Isn't Verified!

In order to create a playlist on Sporcle, you need to verify the email address you used during registration. Go to your Sporcle Settings to finish the process.

Report this User

Report this user for behavior that violates our Community Guidelines.

Details: